ბათუმის შოთა რუსთაველის სახელმწიფო უნივერსიტეტის ბიბლიოთეკა

იოანე დამასკელის "გარდამოცემის" ქართული თარგმანები / (ბიბ.ჩანაწერი № 55200)

000 -ლიდერი
ფიქსირებული სიგრძის საკონტროლო ველი 01588nam a2200313Ia 4500
001 - საკონტროლო ნომერი
საკონტროლო ველი 22275
003 - საკონტროლო ნომრის იდენტიფიკატორი
საკონტროლო ველი GE_BSU
005 - ბოლო ოპერაციის თარიღი და დრო
საკონტროლო ველი 20230222124621.0
008 - ფიქსირებული სიგრძის მონაცემთა ელემენტები - ზოგადი ინფორმაცია
ფიქსირებული სიგრძის საკონტროლო ველი 181216s2006||||ge |||||||||||||| ||geo||
020 ## - წიგნის საერთაშორისო სტანდარტული ნომერი
International Standard Book Number 99940-31-16-3
040 ## - კატალოგიზაციის წყარო
Transcribing agency GE_BSU
041 ## - ენის კოდი
Language code of text/sound track or separate title geo
080 ## - უნივერსალური ათობითი კლასიფიკაციის ინდექსი
Universal Decimal Classification number 27:821.353.1'01 მ-68
100 ## - მთავარი ჩანაწერი - პიროვნების სახელი
Personal name მიმინოშვილი, რომან
9 (RLIN) 17012
245 ## - ცნობა სათაურის შესახებ
Title იოანე დამასკელის "გარდამოცემის" ქართული თარგმანები /
Statement of responsibility, etc სარედ. ჯგ. : ვალერი ასათიანი და სხვ.
264 ## - წარმოების, გამოცემის, დისტრიბუციის და სხვა ცნობები
გამოცემის, წარმოების, დისტრიბუციის... ადგილი თბილისი :
გამოცემის, წარმოების, დისტრიბუციის... სახელწოდება ლოგოსი,
გამოცემის, წარმოების, დისტრიბუციის... თარიღი 2006.
300 ## - ფიზიკური აღწერა
Extent 377 გვ. ;
Dimensions 28 სმ.
500 ## - ზოგადი შენიშვნა
General note პარალელური თავფურცელი ბერძნულ და ინგლისურ ენებზე
500 ## - ზოგადი შენიშვნა
General note სახელთა საძ. : გვ. 375-377
504 ## - BIBLIOGRAPHY, ETC. NOTE
Bibliography, etc ბიბლიოგრაფია ტექსტების შენიშვნებში
520 ## - SUMMARY, ETC.
Summary, etc რეზიუმე ბერძნულ და ინგლისურ ენებზე
653 ## - INDEX TERM--UNCONTROLLED
Uncontrolled term იოანე დამასკელის "გარდამოცემის" ქართული თარგმანები
653 ## - INDEX TERM--UNCONTROLLED
Uncontrolled term რელიგია
653 ## - INDEX TERM--UNCONTROLLED
Uncontrolled term ღვთისმეტყველება
653 ## - INDEX TERM--UNCONTROLLED
Uncontrolled term ქრისტიანობა
653 ## - INDEX TERM--UNCONTROLLED
Uncontrolled term თარგმნა ბერძნულიდან
942 ## - ADDED ENTRY ELEMENTS (KOHA)
Koha item type წიგნი
Source of classification or shelving scheme
ეგზემპლარები
ჩამოწერის სტატუსი დაკარგული ეგზემპლარის სტატუსი კლასიფიკაციის წყარო ან თაროზე გაწყობის სქემა დაზიანების სტატუსი არ გაიცემა მუდმივი მდებარეობა (დაცვის ადგილი) ამჟამინდელი ადგილსამყოფელი თაროზე განთავსების ადგილი შეძენის თარიღი ღირებულება, შესყიდვის ნორმალური ფასი სრული შენახვის შიფრი შტრიხკოდი ბოლო ოპერაციის თარიღი ეგზემპლარის მიმდევრობითი ნომერი (კეტერი?) ფასის ძალაში შესვლის თარიღი ეგზემპლარის სახეობა საჯარო შენიშვნა
          ბათუმის შოთა რუსთაველის სახელმწიფო უნივერსიტეტის მთავარი ბიბლიოთეკა ბათუმის შოთა რუსთაველის სახელმწიფო უნივერსიტეტის მთავარი ბიბლიოთეკა წიგნსაცავი 2018-12-17 20.00 27:821.353.1'01 მ-68 57393 2018-12-17 57393 2018-12-17 წიგნი 20.00 ₾.